Pokoloruj mapę z flagami poprzez zgadywanie miast - Statystyki

Ogólne statystyki
  • Ten quiz został rozwiązany 910 razy
  • Średni wynik to 7 z 17
Odpowiedzi na mapie
Odpowiedzi zakodowano w zielono-czerwonej skali na mapie do tego quizu, zgodnie z poniższymi procentami.
 
Statystyki odpowiedzi
Kolor Liczba
mieszkańców (na całym
danym obszarze
zaludnienia tego miasta)
Miasto % Poprawnych
Biały 10,7 milionów Paryż
97%
Biały 2,86 milionów Rzym
88%
Czerwony 1,32 miliona Kopenhaga
82%
Biały 1,11 miliona Amsterdam
79%
Zielony 1,38 miliona Mediolan
62%
Czerwony 1,66 miliona Lyon
56%
Pomarańczowy 16,3 milionów Delhi
52%
Biały 18,2 milionów Bombaj
40%
Czerwony 11,1 milionów Dhaka
39%
Niebieski 925 tysięcy Bordeaux
35%
Czerwony 320 tysiący Bari
26%
Niebieski 299 tysięcy Eindhoven
19%
Biały 277 tysięcy Aarhus
13%
Czerwony 213 tysięcy Groningen
13%
Zielony 8,63 milionów Ćennaj
10%
Zielony 3,67 milionów Ćottogram
9%
Niebieski 2,5 milionów Nagpur
4%
Nie znaleziono quizów pasujących do podanych kryteriów
Rozkład punktacji
Procent ludzi z każdym wynikiem
Percentyl według liczby udzielonych odpowiedzi
Twoja historia wyników
Nie rozwiązałeś tego quizu